| 000 | 00756nam a2200205 i 4500 | ||
|---|---|---|---|
| 001 | 101733 | ||
| 003 | ES-MaACL | ||
| 005 | 20250814080953.0 | ||
| 007 | t| | ||
| 008 | 051021s1947 sp ||||1| spa d | ||
| 100 | 1 |
_aMeléndez, Bermudo, _d1912-1999 _979905 |
|
| 245 | 1 | 0 |
_aTratado de Paleontología _b: Tomo I. Invertebrados... / _cpor Bermudo Meléndez. |
| 260 |
_aMadrid : _b[s.n.], _c1947 ( _fImp. S. Aguirre) |
||
| 300 |
_aXXIII, 512 p., lám. I-VII : _bil. ; _c24 cm. |
||
| 500 | _aPrecede al tít.: Consejo Superior de Investigaciones Científicas. Instituto Lucas Mallada. | ||
| 650 | 0 | 7 |
_aPaleontología _2embne _915808 |
| 710 | 0 | 0 |
_aInstituto Lucas Mallada. _95122 |
| 852 |
_aES-MaACL _jL-6867 _bR.25149 |
||
| 999 |
_c101733 _d101733 |
||